000 00417pab a2200145 454500
008 180718b2005 xxu||||| |||| 00| 0 eng d
100 _aYukl, Gary
245 _aWhy integrating the leading and managing roles is essential for organizational effectiveness
260 _c2005
300 _ap.361-75.
650 _aOrganizations
700 _aLepsinger, Richard
773 _aOrganizational Dynamics
909 _a68036
999 _c68036
_d68036